Quizzes
Events
Quiz Creation
Community
Videos
Private Events
Remove Ads
Sign In
Join for FREE
Feedback
Dark Mode
Quiz Categories
Sports
Geography
Music
Movies
Television
Just For Fun
Miscellaneous
History
Literature
Language
Science
Gaming
Entertainment
Religion
Holiday
For Kids
Quiz Lab
Recent
Popular Today
Quiz Kudos Today
Editor Picks
Curator Picks
Quizzes by...
Day
Popularity
Type
Ratings
Length
Year
Community
Subscriptions
Recent Discussions
Orange Saloon
Badges
Playlists
Quests
Create
Leaderboards
Showdown
Live 5
Trivia Bingo
Activity
Puzzle Library
Sporcle Events
Private Events
Virtual Trivia
Globe League
Become a Host
Pub Owners
SporcleCon
Opinionation
Our Games
Videos
Blog
Mobile Apps
Partnerships
Remove Ads and Go Orange
Feedback
Music
Pop Music
The Beatles
Song
Album
Lyrics
Bands
Singers
Artist
Clip
Rock
Rap
Classical
Billboard
Country Music
Kpop
Taylor Swift
Music
Pop Music
The Beatles
Song
Album
Lyrics
Bands
Singers
Artist
Clip
Rock
Rap
Classical
Billboard
Country Music
Kpop
Taylor Swift
Random Quiz
Search Sporcle
×
Quiz Lab
Quiz Lab
Music
Drum
Type in answers that appear in a list
Type in answers that appear in a list
Classic
Best Score? Go Orange.
The 40 PAS International Drum Rudiments Stats
Can you name the 40 PAS International Drum Rudiments?
By
herta_herta
9m
40 Questions
248 Plays
248 Plays
248 Plays
Comments
Comments
Give Quiz Kudos
Give Quiz Kudos
-
- Ratings
hide this ad
Replay
Link that replays current quiz
Next Quiz
Link to next quiz in quiz playlist
You Got
0%
They Got
Avg Score
65%
Avg Friend Score
Upgrade to see
Score Distribution
Jump to the score distribution portion of the page
Score
0/40
Timer
09:00
0
Plays Today
% Correct
Single Paradiddle
96.4%
Flam
95.2%
Double Paradiddle
89.5%
Single Stroke Roll
83.5%
Double Stroke Roll
83.1%
Five Stroke Roll
82.3%
Flam Tap
82.3%
Seven Stroke Roll
80.6%
Nine Stroke Roll
78.6%
Drag
78.2%
Triple Paradiddle
77.4%
Single Paradiddle-diddle
76.6%
Eleven Stroke Roll
76.2%
Six Stroke Roll
73%
Ten Stroke Roll
72.2%
Thirteen Stroke Roll
71%
Single Ratamacue
70.2%
Fifteen Stroke Roll
69.4%
Seventeen Stroke Roll
68.1%
Double Ratamacue
67.7%
% Correct
Flam Accent
67.3%
Multiple Bounce Roll
65.3%
Triple Ratamacue
63.7%
Swiss Army Triplet
60.5%
Flam Paradiddle
59.3%
Triple Stroke Roll
58.5%
Pataflafla
57.7%
Flamacue
57.3%
Lesson 25
53.2%
Flam Drag
52.4%
Single Drag Tap
52%
Inverted Flam Tap
49.6%
Single Stroke Four
48.8%
Double Drag Tap
46.8%
Single Stroke Seven
45.6%
Single Dragadiddle
43.5%
Flam Paradiddle-diddle
43.1%
Single Flammed Mill
38.3%
Drag Paradiddle #2
33.1%
Drag Paradiddle #1
32.7%
Quiz Playlist
Details
Report
Send in Message
Add To Playlist
Classic:
Type in answers that appear in a list
Last Updated: Feb 16, 2017
Quiz Scoreboard
CHALLENGE
Sign Up to Join the Scoreboard
Show All
Scores
Hide
Comments
May contain spoilers
Recently Published
An Introduction to Baseball
by treessimontrees
Sports
5m
Movies - When Are They Set?
by FPL_Elf
Movies
5m
Popular People in 1961
by mucciniale
History
6m
More to Explore
Quiz From the Vault
Featured Blog Post
Where Did the Easter Bunny Come From?
hide this ad
You Might Also Like...
Tags
Drum
Drum Rudiments
International
pas
rudiment
Today's Top Quizzes in Music
Browse Music
hide this ad
Top Contributed Quizzes in Music
1
Taylor Swift All Songs (2024)
2
2010s Album by Cover III
3
Guess the Artist- 70s Songs
4
One Thing in Common: Music
5
Taylor Swift Logic Puzzle
6
Guess the Taylor Swift song (Mystery Song)
7
2010s Album by Cover IV
8
2010s Album by Cover V
9
KPOP LOGIC QUIZ
10
Kpop Logic Quiz
Explore More
Trending Topics
Marvel
Disney
Harry Potter
Crossword
Anime
NBA
Kpop
The Office
Puzzle
Soccer
Country
NFL
WWE
Pokémon
Song
hide this ad
More By:
herta_herta
Quiz
Plays
Rating
Category
Featured
Created
The 40 PAS International Drum Rudiments
248
5.00
Music
Jan 6, 2010
Go to Creator's Profile
Score Distribution
Quiz Creator Spotlight
herta_herta
Follow
Send a Message
Quizzes Created
-
Created Quiz Play Count
-
More By This Creator
Popular Quizzes Today
1
Find the Countries of Europe - No Outlines Minefield
2
Find the US States - No Outlines Minefield
3
The Countries of the World
4
Popular People in 1961
5
US States
6
1-10 Letter E Words III
7
Find the US States
8
Risky Map Clicking: Biggest States A-Z
More Music Quizzes
Missing Lyrics: Girls Like You
Quiz Lab
Trending Quizzes
Risky Map Clicking: Least Populous States A-Z
1-10 Letter F Words
1-10 Letter G Words
One Thing in Common: United Kingdom
Risky Map Clicking: Next State Alphabetically
Recently Updated
Leaping Animals
pecheneg
Reality TV Shows (A-Z)
bhenderson79
Rickey Henderson's Hall of Fame Teammates
pecheneg
Champions League XIs: Arsenal
pecheneg
Quick Pick: Celebrities in WWE's Hall of Fame
aduchscher
A-Z Keypad Blitz II
pecheneg
Multiple Oscar Actors
pecheneg
Mystery Phrase Blitz: Oscar 'Best Actors'
pecheneg
F. Scott Fitzgerald Novels
LTH
Pick 3 Villains
ddd62291
Trending Topics
Disney
Anime
Marvel
Harry Potter
NBA
Kpop
Crossword
The Office
Pokémon
WWE
Puzzle
Song
Soccer
Country
NFL
Your Account Isn't Verified!
In order to create a playlist on Sporcle, you need to verify the email address you used during registration. Go to your
Sporcle Settings
to finish the process.
Report this User
Report this user for behavior that violates our
Community Guidelines
.
Details:
Send Report
Go to the Sporcle.com Mobile Site →
Comments